| 000 | 00378nam a22001217a 4500 | ||
|---|---|---|---|
| 082 | _a200 THE | ||
| 100 |
_aMuhammad Arslan Idris _915929 |
||
| 245 | _aTH-SOF-1143-Performance Analysis of Cloud based Load Testing of Web | ||
| 260 |
_aIslamabad _bNUST College of EME _c2015 |
||
| 650 |
_a MS-CSE-13 MSTHESIS _969839 |
||
| 700 |
_aSupervison Dr. Usman Qamar _969913 |
||
| 942 | _cCF | ||
| 999 |
_c577276 _d577276 |
||